Gaming Quiz

Random Gaming or Video Games Quiz
Score 0/20 Timer 05:00
2 Plays Today
% Correct
Sonic and Knuckles
99.4%
Mario Kart: Double Dash
94.2%
The Legend of Zelda: Skyward Sword
83.6%
Plants vs. Zombies 2
80.6%
God of War
73.4%
Super Mario 64
70.4%
Paper Mario
67.7%
The Oregon Trail
65.8%
Rayman Origins
63.2%
Banjo Kazooie
62%
% Correct
Uncharted 3: Drake's Deception
59.4%
Borderlands 2
54.9%
Dig Dug
53%
Earthbound
43.8%
Shadow of the Colossus
41.4%
Castle Crashers
39.6%
Diablo III
38.4%
Journey
37.4%
Red Steel 2
14.3%
Golden Axe 3
12.8%
Remove Ads.
Support Sporcle.
Get the best of Sporcle when you Go Orange. This ad-free experience offers more features, more stats, and more fun while also helping to support Sporcle. Thank you for becoming a member.

You're not logged in!

Compare scores with friends on all Sporcle quizzes.
OR
Log In

Show Comments

Extras

Top Quizzes Today


Score Distribution

Your Account Isn't Verified!

In order to create a playlist on Sporcle, you need to verify the email address you used during registration. Go to your Sporcle Settings to finish the process.

Report this User

Report this user for behavior that violates our Community Guidelines.

Details: